Erfolgreichste Filme der 2000er nach Haupthelden - Statistiken

Allgemein
  • Dieses Quiz wurde 248 mal gespielt
    54 seit der letzten Aktualisierung
  • Das Durchschnittsergebnis liegt bei 16 aus 20
Antwortstatistiken
Bildquiz Hint Antwort % Korrekt
Sam Worthington Avatar – Aufbruch nach Pandora
100%
Albert Brooks Findet Nemo
100%
Daniel Radcliffe Harry Potter
100%
Ray Romano Ice Age
100%
Hayden Christensen, Ewan McGregor Star Wars
100%
Johnny Depp Pirates of the Caribbean
98%
Mike Myers Shrek 2 – Der tollkühne Held kehrt zurück
98%
Tobey Maguire Spider-Man
98%
Elijah Wood Der Herr der Ringe
96%
Daniel Craig James Bond 007 – Casino Royale
96%
Michael Herbig Der Schuh des Manitu
93%
Tommy Lee Jones, Will Smith Men in Black II
91%
Ben Stiller Madagascar
78%
Patton Oswalt Ratatouille
78%
Martin Schneider, Markus Majowski, Otto Waalkes, Mirco Nontschew, Boris Aljinovic, Ralf Schmitz, Heinz Hoenig 7 Zwerge – Männer allein im Wald
76%
Jason Biggs American Pie
72%
Mel Gibson Was Frauen wollen
48%
Til Schweiger (T)Raumschiff Surprise – Periode 1
39%
Daniel Brühl Good Bye Lenin!
37%
Tom Hanks The Da Vinci Code – Sakrileg
22%
Keine übereinstimmenden Quizze gefunden
Verteilung der Resultate
Anzahl Personen mit jedem Resultat
Perzentil nach korrekt beantworteten Fragen
Ihre Resultats-Entwicklung
Sie haben dieses Quiz seit der letzten Aktualisierung nicht gespielt